[Event "ITA-chT 38th"]
[Site "Porto San Giorgio"]
[Date "2006.04.21"]
[Round "1.1"]
[White "Dervishi, Erald"]
[Black "Passoni, Carlo"]
[Result "1-0"]
[WhiteElo "2506"]
[BlackElo "2251"]
[PlyCount "117"]
[EventDate "2006.04.21"]
[EventType "team-swiss"]
[EventRounds "5"]
[EventCountry "ITA"]
[SourceTitle "EXT 2022"]
[Source "ChessBase"]
[SourceDate "2021.10.06"]
[SourceVersion "1"]
[SourceVersionDate "2021.10.06"]
[SourceQuality "1"]
[WhiteTeam "Padova Obiettivo"]
[BlackTeam "Desio Hotel Selide "]
[WhiteTeamCountry "ITA"]
[BlackTeamCountry "ITA"]

1. e4 c5 2. Nf3 e6 3. d4 cxd4 4. Nxd4 Nf6 5. Nc3 d6 6. Be2 a6 7. a4 Be7 8. 0-0 0-0 9. Kh1 b6 10. f4 Bb7 11. Bf3 Nbd7 12. e5 Bxf3 13. Qxf3 dxe5 14. Nc6 e4 15. Nxe4 Qe8 16. b3 Nxe4 17. Nxe7+ Qxe7 18. Qxe4 Nf6 19. Qe2 Qb7 20. Re1 Rfd8 21. Bb2 Rd5 22. c4 Rf5 23. Be5 Nd7 24. Bd6 Qc6 25. Qe4 Qxe4 26. Rxe4 Rc8 27. g4 Nf6 28. Rxe6 Nxg4 29. Re2 Rf6 30. Rd1 Re6 31. Rxe6 fxe6 32. Rd4 a5 33. h3 Nh6 34. Ba3 Nf5 35. Rd7 h6 36. Kg2 Kh7 37. Kf3 Kg6 38. Bb2 Rc6 39. Bc3 Kh7 40. Be1 Kg6 41. Bf2 Kf6 42. Rb7 Rd6 43. Rxb6 Rd3+ 44. Kg2 Rd2 45. c5 Ne3+ 46. Kf3 Nd5 47. Rb7 Rd3+ 48. Ke4 Rxh3 49. Bd4+ Kg6 50. Rxg7+ Kh5 51. c6 Rh1 52. c7 Re1+ 53. Kd3 Rc1 54. Be5 Kh4 55. Kd4 Nb6 56. Rg8 h5 57. Rb8 Rd1+ 58. Ke4 Re1+ 59. Kd3 1-0

[Event "Brianza-ch 39th"]
[Site "Brianza"]
[Date "2005.01.21"]
[Round "3"]
[White "Passoni, Carlo"]
[Black "Zanellato, Lorenzo"]
[Result "1-0"]
[WhiteElo "2283"]
[BlackElo "2087"]
[PlyCount "63"]
[EventDate "2005.01.??"]
[EventType "swiss"]
[EventRounds "8"]
[EventCountry "ITA"]
[SourceTitle "EXT 2009"]
[Source "ChessBase"]
[SourceDate "2008.11.26"]
[SourceVersion "1"]
[SourceVersionDate "2008.11.26"]
[SourceQuality "1"]

1. e4 d5 2. exd5 Qxd5 3. c4 Qe4+ 4. Be2 Qxg2 5. Bf3 Qg6 6. Nc3 Nf6 7. d4 Bg4 8. Qb3 Bxf3 9. Nxf3 b6 10. Rg1 Qf5 11. Nb5 Qe4+ 12. Kf1 Na6 13. Ng5 Qb7 14. Qa4 0-0-0 15. Nxf7 c6 16. Nxd8 Kxd8 17. Nc3 Qc8 18. Rg3 Ng4 19. h3 Nf6 20. Bf4 Nh5 21. Rf3 Nxf4 22. Rxf4 Qxh3+ 23. Kg1 g5 24. Re4 Qc8 25. Rd1 g4 26. d5 Nc5 27. dxc6+ Ke8 28. Qb5 a6 29. Qxb6 Nxe4 30. Nxe4 g3 31. Nxg3 Rg8 32. c7 1-0

[Event "Bratto op 24th"]
[Site "Bratto"]
[Date "2004.08.25"]
[Round "6"]
[White "Castelfranchi, Carlo"]
[Black "Passoni, Carlo"]
[Result "0-1"]
[WhiteElo "2086"]
[BlackElo "2286"]
[PlyCount "72"]
[EventDate "2004.08.20"]
[EventType "swiss"]
[EventRounds "9"]
[EventCountry "ITA"]
[SourceTitle "CBM 101 Extra"]
[Source "ChessBase"]
[SourceDate "2004.09.01"]
[SourceVersion "2"]
[SourceVersionDate "2004.09.01"]
[SourceQuality "1"]

1. e4 c5 2. Nf3 e6 3. d4 cxd4 4. Nxd4 Nc6 5. Nc3 Qc7 6. Be2 a6 7. 0-0 Nf6 8. Be3 b5 9. Nxc6 dxc6 10. Bd3 e5 11. h3 Be6 12. a4 b4 13. Nb1 c5 14. c4 Rd8 15. Qe2 Be7 16. Nd2 0-0 17. Nb3 Rd7 18. f4 Rfd8 19. Rad1 exf4 20. Bxf4 Qc6 21. e5 Ne8 22. Be4 Qxa4 23. Rxd7 Qxd7 24. Ra1 Nc7 25. Be3 Qc8 26. Nxc5 Bxc5 27. Bxc5 Nb5 28. Qe3 Bxc4 29. Bxb4 Nd4 30. Bd6 Nb5 31. Bc5 Qe6 32. Bb7 Nc7 33. Bd6 Rxd6 34. Qc5 Rd7 35. Bc8 Qd5 36. Qb6 Qd4+ 0-1

[Event "Bratto op 24th"]
[Site "Bratto"]
[Date "2004.08.24"]
[Round "5"]
[White "Capitelli, Paolo"]
[Black "Passoni, Carlo"]
[Result "1-0"]
[WhiteElo "2137"]
[BlackElo "2286"]
[PlyCount "97"]
[EventDate "2004.08.20"]
[EventType "swiss"]
[EventRounds "9"]
[EventCountry "ITA"]
[SourceTitle "CBM 101 Extra"]
[Source "ChessBase"]
[SourceDate "2004.09.01"]
[SourceVersion "2"]
[SourceVersionDate "2004.09.01"]
[SourceQuality "1"]

1. e4 c5 2. Nf3 e6 3. d4 cxd4 4. Nxd4 Nf6 5. Nc3 Nc6 6. Ndb5 Bb4 7. a3 Bxc3+ 8. Nxc3 d5 9. exd5 exd5 10. Bd3 0-0 11. 0-0 d4 12. Ne4 Nxe4 13. Bxe4 Re8 14. Re1 Bd7 15. Qh5 f5 16. Bd5+ Kh8 17. Bd2 Qf6 18. Bg5 Qd6 19. Bf7 Re4 20. f3 Re5 21. b4 Rf8 22. Bc4 Rfe8 23. Qh4 b5 24. Bd3 a5 25. Bd2 a4 26. f4 Rxe1+ 27. Rxe1 Rxe1+ 28. Qxe1 Ne7 29. Qe2 Nd5 30. Bxb5 Nc3 31. Bxc3 dxc3 32. Bxd7 Qxd7 33. Kf1 h6 34. Kf2 Qd4+ 35. Qe3 Qc4 36. Qe8+ Kh7 37. Qe5 Kg6 38. b5 h5 39. Qe8+ Kh7 40. Qxh5+ Kg8 41. Qxf5 Qd4+ 42. Ke1 Qg1+ 43. Ke2 Qxg2+ 44. Ke3 Qg1+ 45. Ke4 Qg2+ 46. Kd4 Qd2+ 47. Kc4 Qxh2 48. Kxc3 Qg3+ 49. Kb4 1-0

[Event "Bratto op 24th"]
[Site "Bratto"]
[Date "2004.08.22"]
[Round "3"]
[White "Passoni, Carlo"]
[Black "Bonazzi, Edoardo"]
[Result "1-0"]
[WhiteElo "2286"]
[BlackElo "2115"]
[PlyCount "67"]
[EventDate "2004.08.20"]
[EventType "swiss"]
[EventRounds "9"]
[EventCountry "ITA"]
[SourceTitle "CBM 101 Extra"]
[Source "ChessBase"]
[SourceDate "2004.09.01"]
[SourceVersion "2"]
[SourceVersionDate "2004.09.01"]
[SourceQuality "1"]

1. e4 c6 2. d4 d5 3. Nc3 dxe4 4. Nxe4 Bf5 5. Ng3 Bg6 6. h4 h6 7. Nf3 Nd7 8. h5 Bh7 9. Bd3 Bxd3 10. Qxd3 e6 11. Bf4 Ngf6 12. 0-0-0 Be7 13. Kb1 0-0 14. Qe2 Qa5 15. Ne5 Rfe8 16. Rhe1 Bb4 17. c3 Bf8 18. Ne4 Qd5 19. Nxf6+ Nxf6 20. g4 Nh7 21. c4 Qd8 22. Bg3 Bb4 23. Rg1 f6 24. Bh4 Qc7 25. Nd3 Bd6 26. Qe3 Qf7 27. f4 Rad8 28. Qe4 Rd7 29. Rde1 Rde7 30. g5 fxg5 31. fxg5 Qf5 32. gxh6 Qxe4 33. Rxe4 Rf7 34. Reg4 1-0

[Event "ITA-chT A1 34th"]
[Site "Italy"]
[Date "2004.04.18"]
[Round "5"]
[White "Passoni, Carlo"]
[Black "Sedina, Elena"]
[Result "1/2-1/2"]
[WhiteElo "2290"]
[BlackElo "2382"]
[PlyCount "20"]
[EventDate "2004.03.06"]
[EventType "team"]
[EventRounds "5"]
[EventCountry "ITA"]
[SourceTitle "EXT 2007"]
[Source "ChessBase"]
[SourceDate "2006.11.23"]
[SourceVersion "1"]
[SourceVersionDate "2006.11.23"]
[SourceQuality "1"]

1. e4 e6 2. d4 d5 3. Nc3 dxe4 4. Nxe4 Bd7 5. Nf3 Bc6 6. Bd3 Nd7 7. 0-0 Ngf6 8. Ng3 Be7 9. Ne5 Nxe5 10. dxe5 Qd5 1/2-1/2

[Event "ITA-chT A1 34th"]
[Site "Italy"]
[Date "2004.04.17"]
[Round "4"]
[White "Pernigotti, Carlo"]
[Black "Passoni, Carlo"]
[Result "1-0"]
[WhiteElo "2201"]
[BlackElo "2290"]
[PlyCount "75"]
[EventDate "2004.03.06"]
[EventType "team"]
[EventRounds "5"]
[EventCountry "ITA"]
[SourceTitle "EXT 2007"]
[Source "ChessBase"]
[SourceDate "2006.11.23"]
[SourceVersion "1"]
[SourceVersionDate "2006.11.23"]
[SourceQuality "1"]

1. e4 c5 2. Nf3 d6 3. Bb5+ Bd7 4. Bxd7+ Qxd7 5. c4 Qg4 6. 0-0 Qxe4 7. d4 cxd4 8. Nxd4 Nc6 9. Nb5 0-0-0 10. Be3 Kb8 11. Qa4 a6 12. N5c3 Qg4 13. Nd2 g6 14. b4 Bg7 15. h3 Qd7 16. Rfc1 Nh6 17. Rab1 Nf5 18. Bb6 Bxc3 19. Rxc3 Ncd4 20. Qd1 Rc8 21. Rd3 e5 22. b5 axb5 23. cxb5 Nc2 24. Qg4 Ncd4 25. Qd1 Nc2 26. Qg4 Ncd4 27. Rxd4 exd4 28. Qd1 Rc5 29. Qa4 Qe8 30. Nf3 d3 31. Qa7+ Kc8 32. Qa8+ Kd7 33. Qxb7+ Ke6 34. Bxc5 Kf6 35. Ba3 g5 36. Bb2+ Kg6 37. Bxh8 Qxh8 38. Qe4 1-0

[Event "Corsico 28th"]
[Site "Corsico"]
[Date "2003.10.??"]
[Round "7"]
[White "Molina, Fabrizio"]
[Black "Passoni, Carlo"]
[Result "0-1"]
[WhiteElo "2256"]
[BlackElo "2246"]
[PlyCount "72"]
[EventDate "2003.10.04"]
[EventType "tourn"]
[EventRounds "7"]
[EventCountry "ITA"]
[EventCategory "1"]
[SourceTitle "EXT 2005"]
[Source "ChessBase"]
[SourceDate "2004.11.15"]
[SourceVersion "1"]
[SourceVersionDate "2004.11.15"]
[SourceQuality "1"]

1. c4 Nf6 2. g3 g6 3. Bg2 Bg7 4. Nc3 0-0 5. e4 e5 6. Nge2 Nc6 7. 0-0 d6 8. d3 Be6 9. Nd5 Nd7 10. Be3 a5 11. Qd2 Nc5 12. Rab1 Nd4 13. b3 c6 14. Ndc3 Bh3 15. f4 Bxg2 16. Kxg2 f5 17. exf5 gxf5 18. Rf2 Nxe2 19. Rxe2 Ne6 20. Na4 Ra6 21. Rbe1 b5 22. Nb2 b4 23. Na4 c5 24. Rf1 Qc7 25. Ref2 Qc6+ 26. Kg1 e4 27. dxe4 Qxe4 28. Rf3 Nd4 29. Bxd4 Bxd4+ 30. Kg2 Re8 31. h4 d5 32. cxd5 Qxd5 33. Re1 Rae6 34. Rxe6 Rxe6 35. Qd3 Kg7 36. Kh3 Re3 0-1

[Event "Corsico 28th"]
[Site "Corsico"]
[Date "2003.10.??"]
[Round "1"]
[White "Passoni, Carlo"]
[Black "Berni, Giorgio"]
[Result "1/2-1/2"]
[WhiteElo "2246"]
[BlackElo "2219"]
[PlyCount "60"]
[EventDate "2003.10.04"]
[EventType "tourn"]
[EventRounds "7"]
[EventCountry "ITA"]
[EventCategory "1"]
[SourceTitle "EXT 2005"]
[Source "ChessBase"]
[SourceDate "2004.11.15"]
[SourceVersion "1"]
[SourceVersionDate "2004.11.15"]
[SourceQuality "1"]

1. e4 c5 2. Nf3 d6 3. d4 cxd4 4. Nxd4 Nf6 5. Nc3 e6 6. g4 h6 7. g5 hxg5 8. Bxg5 Nc6 9. Qd2 a6 10. 0-0-0 Bd7 11. h4 Qc7 12. Kb1 0-0-0 13. Rh3 Kb8 14. Nxc6+ Bxc6 15. e5 Nd5 16. Nxd5 Bxd5 17. Bxd8 Qxd8 18. c4 Be4+ 19. Bd3 Bg2 20. Rg3 Bc6 21. exd6 Qxd6 22. Qg5 Qd4 23. Bc2 Qxf2 24. Qd8+ Ka7 25. Rb3 g6 26. Qc7 Bc5 27. Rd7 Qg1+ 28. Rd1 Qf2 29. Rd7 Qg1+ 30. Rd1 Qf2 1/2-1/2

[Event "Corsico 28th"]
[Site "Corsico"]
[Date "2003.10.??"]
[Round "3"]
[White "Vancini, Edoardo"]
[Black "Passoni, Carlo"]
[Result "0-1"]
[WhiteElo "2284"]
[BlackElo "2246"]
[PlyCount "84"]
[EventDate "2003.10.04"]
[EventType "tourn"]
[EventRounds "7"]
[EventCountry "ITA"]
[EventCategory "1"]
[SourceTitle "EXT 2005"]
[Source "ChessBase"]
[SourceDate "2004.11.15"]
[SourceVersion "1"]
[SourceVersionDate "2004.11.15"]
[SourceQuality "1"]

1. d4 Nf6 2. Nf3 c5 3. e3 g6 4. dxc5 Qa5+ 5. Nbd2 Qxc5 6. a3 Bg7 7. b4 Qc7 8. Bb2 0-0 9. c4 d6 10. Be2 b6 11. 0-0 Bb7 12. Rc1 Nbd7 13. Nd4 Rac8 14. Bf3 Ne5 15. Bxb7 Qxb7 16. Qe2 Ne4 17. N2b3 Qa6 18. f3 Nf6 19. Nd2 d5 20. Ne6 fxe6 21. Bxe5 Qxa3 22. Rb1 dxc4 23. Nxc4 Rxc4 24. Bxf6 Rfc8 25. Bxg7 Kxg7 26. Ra1 Qxb4 27. Rxa7 Rc2 28. Qd3 Rd2 29. Qe4 Rcc2 30. Qe5+ Kh6 31. Qg3 Rxg2+ 32. Qxg2 Rxg2+ 33. Kxg2 Qd2+ 34. Kh1 Qxe3 35. Rxe7 b5 36. Rf7 b4 37. Rd1 b3 38. Rdd7 b2 39. Rxh7+ Kg5 40. Rb7 Qxf3+ 41. Kg1 Qd1+ 42. Kf2 b1Q 0-1

[Event "Bratto op 23rd"]
[Site "Bratto"]
[Date "2003.08.26"]
[Round "6"]
[White "Marta, Daniele"]
[Black "Passoni, Carlo"]
[Result "0-1"]
[WhiteElo "2118"]
[BlackElo "2246"]
[PlyCount "22"]
[EventDate "2003.08.21"]
[EventType "swiss"]
[EventRounds "9"]
[EventCountry "ITA"]
[SourceTitle "EXT 2004"]
[Source "ChessBase"]
[SourceDate "2003.11.25"]
[SourceVersion "1"]
[SourceVersionDate "2003.11.25"]
[SourceQuality "1"]

1. Nf3 Nf6 2. d4 c5 3. d5 b5 4. Nbd2 Nxd5 5. Nb3 e6 6. e4 Nc7 7. Be3 c4 8. Nbd4 Bb7 9. e5 Be7 10. Qd2 Nc6 11. g4 Nxd4 0-1

[Event "Bratto op 23rd"]
[Site "Bratto"]
[Date "2003.08.25"]
[Round "5"]
[White "Passoni, Carlo"]
[Black "Drazic, Sinisa"]
[Result "0-1"]
[WhiteElo "2246"]
[BlackElo "2463"]
[PlyCount "160"]
[EventDate "2003.08.21"]
[EventType "swiss"]
[EventRounds "9"]
[EventCountry "ITA"]
[SourceTitle "EXT 2004"]
[Source "ChessBase"]
[SourceDate "2003.11.25"]
[SourceVersion "1"]
[SourceVersionDate "2003.11.25"]
[SourceQuality "1"]

1. e4 c5 2. Nf3 e6 3. d4 a6 4. c3 d5 5. e5 Bd7 6. dxc5 Bxc5 7. Bd3 Nc6 8. 0-0 Nge7 9. Nbd2 Ng6 10. Nb3 Bb6 11. Re1 Qb8 12. Bxg6 fxg6 13. Be3 Bxe3 14. Rxe3 0-0 15. Nbd4 Ne7 16. Qb3 h6 17. Qb6 Nc8 18. Qb3 Qc7 19. Qc2 Ne7 20. Nh4 g5 21. Ng6 Rf7 22. Nxe7+ Rxe7 23. Rae1 Rf8 24. Rf3 Rxf3 25. Nxf3 Be8 26. Nd4 Bh5 27. h3 Qc8 28. Qb3 Qc7 29. Qb4 Re8 30. Qd6 Qxd6 31. exd6 Bf7 32. d7 Rd8 33. Nxe6 Rxd7 34. Nd4 Kf8 35. f3 Rd6 36. Kf2 h5 37. Re5 Rg6 38. g4 hxg4 39. hxg4 a5 40. a4 Rh6 41. Kg2 Rg6 42. b3 Bg8 43. Kf2 Bf7 44. Ke3 Bg8 45. Nb5 Bf7 46. Kd4 Rf6 47. Rf5 Rxf5 48. gxf5 Bh5 49. Ke3 Ke7 50. Nc7 Bf7 51. Nb5 Kd7 52. Kd4 Bh5 53. Ke3 Ke7 54. Nc7 Bf7 55. Nb5 Be8 56. Nc7 Bc6 57. Ne6 Kf6 58. Nd8 d4+ 59. Kxd4 Bxf3 60. Ne6 g4 61. Ke3 Bd5 62. Nd4 Ke5 63. b4 Be4 64. Ne6 Bxf5 65. Nxg7 Bg6 66. bxa5 Bf7 67. a6 bxa6 68. a5 Bg6 69. c4 Bf7 70. c5 Bd5 71. Nh5 Bc6 72. Kd3 Be8 73. Ng7 g3 74. Ke3 Bc6 75. Nh5 g2 76. Kf2 Kd4 77. Nf4 Kxc5 78. Ne2 Kb4 79. Ke3 Kxa5 80. Kd4 Kb4 0-1

[Event "Bratto op 23rd"]
[Site "Bratto"]
[Date "2003.08.24"]
[Round "4"]
[White "Mantovani, Renzo"]
[Black "Passoni, Carlo"]
[Result "0-1"]
[WhiteElo "2375"]
[BlackElo "2246"]
[PlyCount "96"]
[EventDate "2003.08.21"]
[EventType "swiss"]
[EventRounds "9"]
[EventCountry "ITA"]
[SourceTitle "EXT 2004"]
[Source "ChessBase"]
[SourceDate "2003.11.25"]
[SourceVersion "1"]
[SourceVersionDate "2003.11.25"]
[SourceQuality "1"]

1. c4 Nf6 2. Nc3 g6 3. g3 d5 4. cxd5 Nxd5 5. Nxd5 Qxd5 6. Nf3 Bg7 7. Bg2 0-0 8. 0-0 Nc6 9. d3 Qh5 10. Rb1 a5 11. a3 Bh3 12. Bxh3 Qxh3 13. b4 axb4 14. axb4 Ra2 15. b5 Nd4 16. Nxd4 Bxd4 17. e3 Bc5 18. d4 Bd6 19. e4 e5 20. Bb2 Re8 21. Qb3 Rxb2 22. Rxb2 exd4 23. Re1 Re5 24. f4 Rc5 25. Rc2 Qd7 26. e5 Rxb5 27. Qa4 Bb4 28. Rb1 d3 29. Rf2 d2 30. Kg2 c5 31. h4 Qd5+ 32. Kh2 Rb6 33. f5 gxf5 34. Qe8+ Kg7 35. Rxf5 Qa2 36. Rd1 h6 37. Rf6 Rxf6 38. exf6+ Kxf6 39. Qh8+ Ke7 40. Qe5+ Qe6 41. Qc7+ Kf8 42. Qd8+ Kg7 43. Ra1 Qe2+ 44. Kh3 Qe1 45. Qd7 Qxa1 46. Qg4+ Kf6 47. Qf4+ Ke6 48. Qg4+ Kd6 0-1

[Event "Bratto op 23rd"]
[Site "Bratto"]
[Date "2003.08.22"]
[Round "2"]
[White "Passoni, Carlo"]
[Black "Del Rio de Angelis, Salvador Gabriel"]
[Result "1-0"]
[WhiteElo "2246"]
[BlackElo "2479"]
[PlyCount "101"]
[EventDate "2003.08.21"]
[EventType "swiss"]
[EventRounds "9"]
[EventCountry "ITA"]
[SourceTitle "EXT 2004"]
[Source "ChessBase"]
[SourceDate "2003.11.25"]
[SourceVersion "1"]
[SourceVersionDate "2003.11.25"]
[SourceQuality "1"]

1. e4 e6 2. d4 d5 3. Nc3 Bb4 4. e5 b6 5. Qg4 Bf8 6. Nf3 Qd7 7. a3 Ne7 8. Bg5 Nf5 9. Qh3 Nc6 10. 0-0-0 h6 11. g4 Nfe7 12. Kb1 Bb7 13. Bc1 0-0-0 14. Bd3 Kb8 15. Rhe1 a6 16. Ne2 Nc8 17. g5 N6e7 18. gxh6 gxh6 19. Bg5 Bg7 20. Bh4 c5 21. c3 cxd4 22. Nexd4 Rdg8 23. Rg1 Bf8 24. Bf6 Rxg1 25. Nxg1 Rg8 26. Bh7 Rg6 27. Bxg6 Nxg6 28. Nge2 b5 29. f4 Nb6 30. f5 exf5 31. Qxf5 Qxf5+ 32. Nxf5 Nc4 33. Ned4 Ncxe5 34. Re1 Ng4 35. Be7 Nxe7 36. Nxe7 Nxh2 37. Nef5 Kc7 38. Re8 Bc5 39. Nxh6 Bxd4 40. cxd4 Nf3 41. Re7+ Kb6 42. Nxf7 b4 43. axb4 Nxd4 44. Nd6 Bc6 45. Kc1 Ba4 46. Kd2 Kc6 47. Nf7 Nc2 48. Nd8+ Kd6 49. Re6+ Kc7 50. Rxa6 Bb5 51. Ne6+ 1-0

[Event "Brianza-ch 36th"]
[Site "Monza"]
[Date "2002.03.07"]
[Round "8"]
[White "Crippa, Gabriele"]
[Black "Passoni, Carlo"]
[Result "0-1"]
[WhiteElo "2124"]
[BlackElo "2246"]
[PlyCount "72"]
[EventDate "2002.03.07"]
[EventType "swiss"]
[EventRounds "8"]
[EventCountry "ITA"]
[SourceTitle "EXT 2007"]
[Source "ChessBase"]
[SourceDate "2006.11.23"]
[SourceVersion "1"]
[SourceVersionDate "2006.11.23"]
[SourceQuality "1"]

1. d4 Nf6 2. Bg5 Ne4 3. Bf4 c5 4. f3 Qa5+ 5. c3 Nf6 6. d5 Qb6 7. Bc1 g6 8. e4 d6 9. c4 Bg7 10. Nc3 0-0 11. Bd3 e6 12. Nge2 exd5 13. exd5 Nbd7 14. 0-0 Ne5 15. Ng3 Re8 16. Re1 Bd7 17. Bf1 h5 18. Bg5 Nh7 19. Bd2 h4 20. Nge4 f5 21. Nf2 Nf6 22. Qc2 a6 23. Nh3 Nh7 24. Ng5 Nxg5 25. Bxg5 h3 26. b3 hxg2 27. Kxg2 Qa5 28. Rac1 b5 29. Bd2 b4 30. Nd1 Qd8 31. Bf4 Qh4 32. Bg3 Qh5 33. Qf2 f4 34. Bxf4 Bh3+ 35. Kh1 Bxf1 36. Bxe5 Bh3 0-1

[Event "Brianza-ch 36th"]
[Site "Monza"]
[Date "2002.02.07"]
[Round "4"]
[White "Bonanno, Alessandro"]
[Black "Passoni, Carlo"]
[Result "0-1"]
[WhiteElo "2094"]
[BlackElo "2246"]
[PlyCount "54"]
[EventDate "2002.03.07"]
[EventType "swiss"]
[EventRounds "8"]
[EventCountry "ITA"]
[SourceTitle "EXT 2007"]
[Source "ChessBase"]
[SourceDate "2006.11.23"]
[SourceVersion "1"]
[SourceVersionDate "2006.11.23"]
[SourceQuality "1"]

1. e4 c5 2. Nf3 Nc6 3. d4 cxd4 4. Nxd4 e5 5. Nb5 d6 6. c4 Be7 7. Be2 a6 8. N5c3 Nf6 9. 0-0 0-0 10. Na3 Be6 11. Nc2 Rc8 12. Ne3 Nd4 13. Ned5 Nxd5 14. Nxd5 Bxd5 15. cxd5 Bg5 16. f4 Bh6 17. Bd3 Qb6 18. Kh1 exf4 19. b3 Rc7 20. Bb2 Rfc8 21. Qh5 Nc2 22. Rac1 Nb4 23. Rxc7 Rxc7 24. Bb1 Qe3 25. e5 Nd3 26. Qf5 Nf2+ 27. Rxf2 Qe1+ 0-1

[Event "Brianza-ch 36th"]
[Site "Monza"]
[Date "2002.01.31"]
[Round "3"]
[White "Passoni, Carlo"]
[Black "Zanellato, Lorenzo"]
[Result "1-0"]
[WhiteElo "2246"]
[BlackElo "2048"]
[PlyCount "71"]
[EventDate "2002.03.07"]
[EventType "swiss"]
[EventRounds "8"]
[EventCountry "ITA"]
[SourceTitle "EXT 2007"]
[Source "ChessBase"]
[SourceDate "2006.11.23"]
[SourceVersion "1"]
[SourceVersionDate "2006.11.23"]
[SourceQuality "1"]

1. Nf3 f5 2. d4 Nf6 3. h3 d6 4. g4 c5 5. d5 g6 6. Nc3 Bg7 7. gxf5 Bxf5 8. Ng5 Na6 9. e4 Bd7 10. Bg2 Qb6 11. Bd2 0-0 12. 0-0 Nc7 13. a4 a5 14. Ra3 c4 15. b3 Qc5 16. Qc1 Nh5 17. Be3 Bd4 18. Bxd4 Qxd4 19. Ne2 Qc5 20. bxc4 Na6 21. Rc3 Nc7 22. e5 dxe5 23. Ne4 Qa7 24. Qg5 Rae8 25. Qxe5 Qb8 26. Nc5 Qc8 27. Qd4 b6 28. Nxd7 Qxd7 29. Qxb6 Rf6 30. Qxa5 Ra8 31. Qb4 Rxa4 32. Qb3 Rfa6 33. c5 Ra3 34. Qb8+ Kg7 35. Rxa3 Rxa3 36. Qb2+ 1-0

[Event "Mislata op 8th"]
[Site "Valencia"]
[Date "1999.??.??"]
[Round "2"]
[White "Passoni, Carlo"]
[Black "Benedito Salavert, Jaime"]
[Result "1-0"]
[WhiteElo "2240"]
[BlackElo "1985"]
[PlyCount "65"]
[EventDate "1999.01.??"]
[EventType "swiss"]
[EventRounds "9"]
[EventCountry "ESP"]
[SourceTitle "EXT 2000"]
[Source "ChessBase"]
[SourceDate "1999.11.16"]
[SourceVersion "1"]
[SourceVersionDate "1999.11.16"]
[SourceQuality "1"]

1. e4 c6 2. d4 d5 3. Nc3 g6 4. h3 Bg7 5. Nf3 Nf6 6. Bd3 dxe4 7. Nxe4 Nxe4 8. Bxe4 Nd7 9. 0-0 0-0 10. Bg5 Qc7 11. Bd3 e5 12. Re1 exd4 13. Bc4 Nb6 14. Bf1 c5 15. a4 Be6 16. a5 Nd5 17. Qd2 a6 18. Bh4 Qf4 19. Qd1 Rfe8 20. Bg3 Qh6 21. Bh4 Qf4 22. Bd3 Rac8 23. Bg3 Qh6 24. Re4 g5 25. h4 g4 26. Ng5 c4 27. Rxe6 Rxe6 28. Bxh7+ Kh8 29. Bf5 Ree8 30. Bxc8 Rxc8 31. Qxg4 Re8 32. Qd7 Nf6 33. Qxf7 1-0

[Event "Mislata op 8th"]
[Site "Valencia"]
[Date "1999.??.??"]
[Round "5"]
[White "Perpina Boluda, Vicente"]
[Black "Passoni, Carlo"]
[Result "0-1"]
[WhiteElo "2240"]
[BlackElo "2240"]
[PlyCount "96"]
[EventDate "1999.01.??"]
[EventType "swiss"]
[EventRounds "9"]
[EventCountry "ESP"]
[SourceTitle "EXT 2000"]
[Source "ChessBase"]
[SourceDate "1999.11.16"]
[SourceVersion "1"]
[SourceVersionDate "1999.11.16"]
[SourceQuality "1"]

1. c4 e6 2. d4 Nf6 3. Nc3 Bb4 4. Qc2 c5 5. Nf3 cxd4 6. Nxd4 Nc6 7. Nxc6 bxc6 8. Bd2 0-0 9. e4 e5 10. Bd3 Bc5 11. 0-0 d6 12. Be2 Rb8 13. Rad1 Qe7 14. h3 Ne8 15. Na4 Bd4 16. b4 f5 17. Bf3 f4 18. a3 Rf6 19. Bc3 Bxc3 20. Nxc3 Be6 21. Qd3 Qf7 22. Rfe1 Bxc4 23. Qd2 Nc7 24. Rc1 Rd8 25. Na4 Nb5 26. Nb2 Be6 27. Rxc6 Qd7 28. Rec1 Nd4 29. R6c3 Nb3 30. Qc2 Nxc1 31. Qxc1 Rff8 32. Qd2 Rc8 33. Rd3 Rfd8 34. Bd1 Qc6 35. f3 Kf8 36. Kh2 Qc1 37. a4 Qxd2 38. Rxd2 d5 39. Bb3 dxe4 40. Rxd8+ Rxd8 41. Bxe6 exf3 42. Bc4 f2 43. a5 Rd7 44. Na4 e4 45. b5 Rd4 46. b6 axb6 47. Bb3 bxa5 48. Nc5 Ke7 0-1

[Event "Porto San Giorgio op 9th"]
[Site "Porto San Giorgio"]
[Date "1997.??.??"]
[Round "6"]
[White "Passoni, Carlo"]
[Black "Arlandi, Ennio"]
[Result "0-1"]
[WhiteElo "2200"]
[BlackElo "2470"]
[PlyCount "80"]
[EventDate "1997.07.??"]
[EventType "swiss"]
[EventRounds "9"]
[EventCountry "ITA"]
[SourceTitle "EXT 2000"]
[Source "ChessBase"]
[SourceDate "1999.11.16"]
[SourceVersion "1"]
[SourceVersionDate "1999.11.16"]
[SourceQuality "1"]

1. e4 c6 2. d4 d5 3. Nc3 dxe4 4. Nxe4 Nd7 5. Ng5 Ngf6 6. Bd3 e6 7. N1f3 Bd6 8. Qe2 h6 9. Ne4 Nxe4 10. Qxe4 c5 11. Bd2 Qc7 12. dxc5 Nxc5 13. Bb5+ Kf8 14. Qh4 a6 15. Be2 b5 16. 0-0-0 Bb7 17. Ba5 Qxa5 18. Rxd6 Qc7 19. Rhd1 Bd5 20. R6xd5 exd5 21. Rxd5 Ne6 22. Ne5 Rd8 23. Qe4 Rxd5 24. Qxd5 Ke7 25. Bg4 Re8 26. g3 Kf8 27. f4 Rd8 28. Qe4 Qc5 29. b3 Qd4 30. Qxd4 Rxd4 31. c3 Rd6 32. Kc2 Nc5 33. Bf3 g5 34. f5 f6 35. Ng4 h5 36. Nf2 g4 37. Bg2 Ke7 38. b4 Nd7 39. Nd3 Ne5 40. Nf4 Nf3 0-1

[Event "Porto San Giorgio op 9th"]
[Site "Porto San Giorgio"]
[Date "1997.??.??"]
[Round "2"]
[White "Passoni, Carlo"]
[Black "Badea, Bela"]
[Result "0-1"]
[WhiteElo "2200"]
[BlackElo "2525"]
[PlyCount "82"]
[EventDate "1997.07.??"]
[EventType "swiss"]
[EventRounds "9"]
[EventCountry "ITA"]
[SourceTitle "EXT 2000"]
[Source "ChessBase"]
[SourceDate "1999.11.16"]
[SourceVersion "1"]
[SourceVersionDate "1999.11.16"]
[SourceQuality "1"]

1. e4 g6 2. d4 Bg7 3. Nc3 d6 4. h3 c6 5. Nf3 b5 6. a3 a6 7. Bg5 Nd7 8. Bd3 Qc7 9. 0-0 Ngf6 10. Re1 e5 11. dxe5 dxe5 12. Qd2 0-0 13. Rad1 Nc5 14. Bf1 Ne6 15. Be3 Rd8 16. Qc1 Bb7 17. Rxd8+ Rxd8 18. Rd1 c5 19. Rxd8+ Nxd8 20. Nd2 Ne6 21. f3 Bf8 22. Nd1 c4 23. c3 Nh5 24. Kf2 f5 25. exf5 gxf5 26. Kg1 Nef4 27. Qc2 Ng3 28. Bf2 Nxf1 29. Nxf1 Nd3 30. Ng3 Qf7 31. Qe2 Qg6 32. Kf1 Bd6 33. h4 Kf7 34. h5 Qf6 35. a4 Bc6 36. axb5 axb5 37. b4 Ke6 38. Ne3 Nxf2 39. Nexf5 Nd3 40. Nd4+ Kd7 41. Nxc6 Qf4 0-1